Państwa najbliższe nieznanego państwa #3 - Statystyki

Ogólne statystyki
  • Ten quiz został rozwiązany 8 187 razy
    8 172 od ostatniego zresetowania
  • Średni wynik to 13 z 25
Statystyki odpowiedzi
Państwo % Poprawnych
Ł Łotwa
80%
O Oman
76%
V Vanuatu
63%
M Meksyk
60%
H Honduras
59%
R Rosja
59%
U Urugwaj
57%
D Dominikana
56%
P Panama
56%
W Wenezuela
56%
B Belize
55%
J Jamajka
54%
Z Zambia
53%
A Antigua i Barbuda
52%
E Ekwador
52%
F Francja
52%
K Kostaryka
52%
C Chile
51%
N Nikaragua
51%
NIEZNANE GWATEMALA
49%
S Salwador
48%
T Trynidad i Tobago
41%
G Grenada
35%
I Islandia
28%
L Liberia
19%
Nie znaleziono quizów pasujących do podanych kryteriów
Rozkład punktacji
Procent ludzi z każdym wynikiem
Percentyl według liczby udzielonych odpowiedzi
Twoja historia wyników
Nie rozwiązałeś tego quizu od ostatniego zresetowania